[Event "FIDE World Cup 2017"]
[Site "Tbilisi"]
[Date "2017.09.09"]
[Round "3.1"]
[White "Carlsen, Magnus"]
[Black "Bu, Xiangzhi"]
[Result "0-1"]
[WhiteElo "2827"]
[BlackElo "2714"]
[Annotator "TA"]
[PlyCount "72"]
[EventDate "2017.??.??"]
[EventType "k.o."]
[EventCountry "GEO"]
[SourceTitle "playchess.com"]
[Source "ChessBase"]
[SourceQuality "1"]

{[%evp 16,72,46,38,52,60,69,26,65,53,73,70,75,78,70,1,11,1,7,10,27,24,53,14,14,23,51,-80,-74,-139,-141,-137,-134,-397,-397,-402,-392,-372,-357,-375,-390,-379,-359,-240,-29,-233,-230,-1041,-393,-369,-313,-696,-696,-975,-975,-975,-951,-799,-799]} 1. e4 e5 2. Bc4 Nf6 3. d3 Nc6 4. Nf3 Be7 5. O-O O-O 6. Bb3 d6 7. c3 Be6 8. Re1 Qd7 9. Nbd2 Rab8 $146 {C55: Two Knights: 4 d3, 4 d4 exd4 5 e5 and Max Lange Attack} ({Predecessor:} 9... Rad8 10. Nf1 h6 11. h3 a6 12. Ng3 Rfe8 13. a4 Bf8 14. a5 Qc8 15. Ba4 Nd7 16. d4 exd4 17. cxd4 {½-½ (54) Lorenzini,M (2482)-Vajda,L (2612) Istanbul 2012}) 10. Bc2 d5 11. h3 h6 {White has an edge.} 12. exd5 $1 Nxd5 13. Nxe5 Nxe5 14. Rxe5 Bd6 15. Re1 ({White should try} 15. Re4 $14) 15... Bxh3 $1 $11 16. gxh3 Qxh3 17. Nf1 Rbe8 18. d4 {aiming for Be4.} f5 $1 {Hoping for ...Rxe1.} 19. Bb3 $1 {[%cal Rb3d5]} c6 {[%cal Bc7c6,Bc6d5][%mdl 32]} 20. f4 $1 Kh7 {...Rf6! is the strong threat.} 21. Bxd5 (21. Re2 $1 $14 {is the one way to stay ahead.}) 21... cxd5 $17 22. Re3 (22. Re5 $142) 22... Rxe3 $1 23. Bxe3 {[#]} g5 $1 {[%cal Rg5f4]} 24. Kf2 $2 {[%mdl 8192]} (24. fxg5 $17 f4 25. Qc2+ Rf5 26. Bc1) 24... gxf4 $19 25. Qf3 fxe3+ 26. Nxe3 Qh2+ 27. Kf1 Rg8 {[%csl Gh2][%cal Rg8g1]} 28. Qxf5+ {[#]} Rg6 $1 29. Ke1 h5 $2 (29... Kg7 $19 30. Qd7+ Kh8 31. Qd8+ Kh7 32. Qd7+ Rg7 33. Qf5+ Kh8) 30. Kd1 $2 (30. Rd1 $1 $11 {and White has nothing to worry.}) 30... Kh6 $40 {[%mdl 128] Black is out for blood.} 31. Nc2 $2 (31. Rc1) 31... h4 $2 (31... Bf4 {[%csl Gf4][%cal Rh2d2]} 32. Qf8+ Kg5 33. Qe7+ Kf5 34. Qf7+ Kg5 35. Qe7+ Kf5 36. Qf7+ Rf6 37. Qh7+ Kg4) 32. Ne1 h3 33. Nf3 $2 (33. Rc1 Qg3 34. Nd3) 33... Qg2 {( -> ...Qf1+). Black is clearly winning.} 34. Ne1 Qg4+ 35. Qxg4 Rxg4 36. Nf3 {[#]} Rg1+ $1 {[%mdl 512] Precision: White = 33%, Black = 64%.} 0-1

[Event "FIDE World Cup 2017"]
[Site "Tbilisi"]
[Date "2017.09.09"]
[Round "3.1"]
[White "Aronian, Levon"]
[Black "Matlakov, Maxim"]
[Result "1-0"]
[WhiteElo "2802"]
[BlackElo "2728"]
[Annotator "TA"]
[PlyCount "79"]
[EventDate "2017.??.??"]
[EventType "k.o."]
[EventCountry "GEO"]
[SourceTitle "playchess.com"]
[Source "ChessBase"]
[SourceQuality "1"]

{[%evp 14,79,-11,-4,11,6,19,0,34,35,37,28,45,19,14,13,22,5,12,0,6,1,5,7,27,-14,21,14,23,29,109,107,89,86,140,150,139,104,108,101,101,89,90,86,90,71,91,89,275,247,280,277,269,225,299,227,371,372,518,517,777,723,738,731,723,723,2239,1896]} 1. c4 e5 2. Nc3 Nf6 3. Nf3 Nc6 4. e3 Bb4 5. Qc2 Bxc3 6. bxc3 O-O 7. d3 {A28: English Opening: Four Knights Variation} (7. e4 d6 8. g3 Nd7 9. Bg2 Nc5 10. Nh4 a6 11. O-O b5 12. d4 exd4 13. cxd4 Nxd4 14. Qd2 Nc6 15. e5 Bb7 16. exd6 Qxd6 17. Qxd6 cxd6 18. Nf5 {½-½ (18) Khairullin,I (2662)-Svidler,P (2739) Chita 2015}) 7... d6 8. Be2 {LiveBook: 3 Games} Re8 $146 (8... e4 $5 9. dxe4 Bg4 $11) ({Predecessor:} 8... Qe7 9. e4 Nd7 10. Bg5 f6 11. Be3 f5 12. exf5 Nf6 13. d4 Ng4 14. Bg5 Qe8 {0-1 (30) Zherebukh,Y (2625)-Huschenbeth,N (2532) Greensboro 2014}) 9. e4 {The position is equal.} Ne7 10. Nh4 Ng6 11. Nxg6 hxg6 12. O-O c6 13. f4 b5 14. cxb5 cxb5 15. h3 Qb6+ 16. Kh2 Be6 17. a4 a6 18. Qb2 Nd7 19. Rb1 Rab8 20. axb5 axb5 21. Rf3 $36 {[%mdl 2048] White has good play.} f6 {[#]} (21... Ra8 $11 22. c4 (22. Qxb5 Qc7 $11) 22... exf4) 22. f5 $1 $16 {[%cal Rf5e6]} gxf5 23. exf5 Bd5 {[#]} (23... e4 $142 24. dxe4 Bc4) 24. Rg3 $1 Re7 25. Bh5 e4 26. d4 Bc4 27. Bf4 {aiming for Qb4.} Ra8 28. Ra1 {[%cal Bb1a1,Ba1a3,Ba3a6,Ba6d6][%mdl 32]} Rd8 29. Ra3 Nf8 30. Qa1 Bf7 $2 (30... Qb7 $16) 31. Ra6 $18 Qc7 32. Be2 Bc4 33. Bxc4+ Qxc4 34. Rxd6 Nd7 (34... Rxd6 {might work better.} 35. Bxd6 Re8) 35. Qa7 Kf7 36. Qb7 {White is clearly winning.} Ke8 {[#]} (36... e3 $142 37. Bxe3 Rb8 38. Qxd7 Rg8) 37. Re6 $1 {[%mdl 512]} Rxe6 38. fxe6 Qxe6 39. Rxg7 e3 40. Qf3 {Precision: White = 66%, Black = 36%.} 1-0

[Event "FIDE World Cup 2017"]
[Site "Tbilisi"]
[Date "2017.09.09"]
[Round "3.1"]
[White "Caruana, Fabiano"]
[Black "Najer, Evgeniy"]
[Result "1/2-1/2"]
[WhiteElo "2799"]
[BlackElo "2694"]
[Annotator "TA"]
[PlyCount "35"]
[EventDate "2017.??.??"]
[EventType "k.o."]
[EventCountry "GEO"]
[SourceTitle "playchess.com"]
[Source "ChessBase"]
[SourceQuality "1"]

{[%evp 27,35,28,25,16,14,11,27,36,27,3]} 1. e4 e5 2. Nf3 Nc6 3. Bb5 {[%cal Bf1b5,Bb5a4,Ba4b3][%mdl 32]} a6 4. Ba4 Nf6 5. O-O Nxe4 6. d4 b5 7. Bb3 d5 8. dxe5 Be6 9. Nbd2 Be7 10. c3 O-O 11. Bc2 f5 12. Nb3 Qd7 13. Nbd4 Nxd4 14. Nxd4 c5 15. Ne2 {C83: Open Ruy Lopez: 9 c3 Be7} (15. Nxe6 Qxe6 16. f3 Ng5 17. a4 Rad8 18. axb5 axb5 19. Bxg5 Bxg5 20. f4 Be7 21. Kh1 d4 22. cxd4 c4 23. b3 Bc5 24. bxc4 Rxd4 {½-½ (31) Adams,M (2761)-Giri,A (2769) Shenzhen 2017}) 15... Rad8 16. Nf4 Kh8 17. Re1 $146 ({Predecessor:} 17. Qh5 Bf7 18. e6 Bxh5 19. exd7 Bf7 20. f3 Nf6 21. Re1 Rxd7 22. Bxf5 Rb7 {½-½ (76) Wang,J (2360)-Davletbayeva,M (2243) Al Ain 2015}) 17... Qc6 18. Qe2 1/2-1/2

[Event "FIDE World Cup 2017"]
[Site "Tbilisi"]
[Date "2017.09.09"]
[Round "3.1"]
[White "Grischuk, Alexander"]
[Black "Navara, David"]
[Result "1/2-1/2"]
[WhiteElo "2788"]
[BlackElo "2720"]
[Annotator "TA"]
[PlyCount "140"]
[EventDate "2017.??.??"]
[EventType "k.o."]
[EventCountry "GEO"]
[SourceTitle "playchess.com"]
[Source "ChessBase"]
[SourceQuality "1"]

{[%evp 18,140,34,23,23,32,38,31,31,25,33,34,35,9,5,10,26,23,23,21,39,23,23,0,17,0,0,0,15,12,16,9,27,38,35,25,35,38,42,35,80,75,58,63,75,76,77,68,68,75,79,73,72,69,73,84,87,77,90,71,71,71,71,72,71,71,71,79,80,79,140,86,80,69,135,135,135,135,135,135,135,136,137,137,137,8,8,8,8,0,0,0,10,8,39,8,8,8,8,8,8,8,8,8,8,8,8,8,8,0,8,8,8,8,8,0,8,0,8,8,8,8,8,8,8]} 1. Nf3 d5 2. d4 Nf6 3. c4 dxc4 4. e3 e6 5. Bxc4 c5 6. O-O a6 7. dxc5 Qxd1 8. Rxd1 Bxc5 9. Be2 Nbd7 {D27: Queen's Gambit Accepted: Classical main line: 7 e4!? and 7 a4} 10. Nfd2 {[%cal Bf3d2,Bd2b3,Bb3d4][%mdl 32] LiveBook: 4 Games} (10. Nbd2 O-O 11. Nc4 b6 12. b3 Bb7 13. Bb2 Bd5 14. Nfe5 b5 15. Nxd7 Nxd7 16. e4 Bxe4 17. Rxd7 bxc4 18. Rc1 Rfc8 19. Bxc4 a5 20. a4 Bc6 21. Rd3 {½-½ (30) Li,C (2720)-Wang,Y (2706) China 2017}) 10... b6 11. Nb3 Be7 {White is slightly better.} 12. f3 Nc5 13. Nd4 Bb7 $146 ({Predecessor:} 13... Bd7 14. e4 O-O 15. Nc3 Rfc8 16. e5 Ne8 17. f4 {1-0 (56) Stefanova,A (2527)-Matveeva,S (2482) Krasnoturinsk 2004}) 14. e4 O-O 15. Be3 b5 16. Nc3 g6 17. Rac1 e5 18. Nc2 Rfd8 19. Rxd8+ Rxd8 20. Rd1 Rc8 {[%cal Rc5e4]} 21. Rd2 Kg7 22. Kf1 {[#]} b4 $1 {[%mdl 512]} 23. Nd1 (23. Nxb4 Ncxe4) 23... a5 24. b3 a4 (24... Bxe4 $5 25. Bxc5 Rxc5 26. fxe4 Nxe4 $11) 25. Bxc5 axb3 26. axb3 Bxc5 27. Nb2 Be7 28. Bc4 Rb8 29. Nd3 Nd7 30. Ncxb4 Nb6 31. Bb5 Nc8 32. Bc6 Bxb4 33. Nxb4 {aiming for Rd8.} Ne7 34. Bxb7 Rxb7 $16 {[%mdl 4096] Endgame KRN-KRN} 35. Nd3 Rxb3 36. Nxe5 Rb5 37. Nc4 Rc5 38. Rc2 f5 39. Kf2 Kf6 40. Ke3 Nc6 41. Na3 Rxc2 42. Nxc2 {KN-KN} Ne5 43. Kd4 Ke6 {[#]} (43... Nc6+ $142 44. Kd5 Ne5) 44. h4 (44. f4 $142 $1 Ng4 45. h3) 44... fxe4 45. fxe4 g5 (45... Ng4 $14) 46. hxg5 Nf7 47. Ke3 Nxg5 48. Nd4+ Kf6 49. Kf4 h6 50. e5+ Kg6 51. Nf3 (51. Ke3 $16) 51... Ne6+ $11 52. Ke4 Nc7 53. Kf4 Nd5+ 54. Ke4 Nc7 55. Ne1 Ne6 56. Kd5 Nf4+ {The position is equal.} 57. Kd6 {Hoping for e6.} h5 58. e6 (58. Nc2 $5 {[%cal Rc2e3]} Kf5 59. Ne3+ Ke4 60. Nf1 $16) 58... Nxe6 $1 59. Kxe6 {Black must now prevent Nf3. KN-KP} Kg5 60. Ke5 (60. Nd3 $5 {[%cal Re6e5]} Kg4 61. Ke5 $11) 60... Kg4 61. Nd3 h4 $1 62. Nf4 Kg5 $1 63. Nd3 {Nf2 is the strong threat.} Kg4 64. Ke4 Kg3 65. Nf4 {Threatens to win with Kf5.} Kg4 $1 66. Ke5 {Strongly threatening Ke4.} Kg5 $1 67. Ke4 Kg4 68. Ng6 h3 $1 {[%cal Rh3h2] And now ...h2 would win.} 69. Ne5+ Kg3 70. gxh3 Kxh3 {Precision: White = 68%, Black = 77%.} 1/2-1/2

[Event "FIDE World Cup 2017"]
[Site "Tbilisi"]
[Date "2017.09.09"]
[Round "3.1"]
[White "Nakamura, Hikaru"]
[Black "Fedoseev, Vladimir"]
[Result "1/2-1/2"]
[WhiteElo "2781"]
[BlackElo "2731"]
[Annotator "TA"]
[PlyCount "59"]
[EventDate "2017.??.??"]
[EventType "k.o."]
[EventCountry "GEO"]
[SourceTitle "playchess.com"]
[Source "ChessBase"]
[SourceQuality "1"]

{[%evp 20,59,9,13,14,5,6,10,5,6,13,7,16,15,22,14,16,14,13,13,20,18,15,15,16,13,14,13,19,15,16,7,7,7,7,7,7,7,7,7,7,0]} 1. c4 e6 2. Nf3 Nf6 3. g3 d5 4. Bg2 d4 5. O-O c5 6. e3 Nc6 {A13: English Opening: 1...e6} 7. d3 Bd6 8. exd4 cxd4 9. a3 (9. Bg5 h6 10. Bxf6 Qxf6 11. Nbd2 Qd8 12. a3 a5 13. Rc1 O-O 14. Re1 Bd7 15. c5 Be7 16. Ne4 {½-½ (26) Bruzon Batista,L (2652)-Mareco,S (2648) Saint Louis 2017}) 9... a5 10. Bg5 h6 11. Bxf6 $1 {LiveBook: 12 Games. The position is equal.} Qxf6 12. Nbd2 Qe7 13. Ne4 Bc7 14. b4 axb4 15. axb4 Rxa1 16. Qxa1 Qxb4 17. Rb1 $146 Qe7 18. Nxd4 Nxd4 19. Qxd4 O-O $1 20. Nc3 Rd8 21. Qe3 Ba5 22. Nb5 b6 23. d4 Ba6 24. d5 Qf6 25. dxe6 Qxe6 26. Bd5 Qxe3 27. fxe3 Bxb5 28. Rxb5 h5 29. Kf2 g6 30. e4 {Precision: White = 76%, Black = 95%.} 1/2-1/2

[Event "FIDE World Cup 2017"]
[Site "Tbilisi"]
[Date "2017.09.09"]
[Round "3.1"]
[White "Giri, Anish"]
[Black "Sethuraman, S P"]
[Result "1/2-1/2"]
[WhiteElo "2777"]
[BlackElo "2617"]
[Annotator "TA"]
[PlyCount "79"]
[EventDate "2017.??.??"]
[EventType "k.o."]
[EventCountry "GEO"]
[SourceTitle "playchess.com"]
[Source "ChessBase"]
[SourceQuality "1"]

{[%evp 22,79,27,26,33,2,18,0,44,48,47,0,2,0,2,0,17,19,28,16,17,14,51,28,45,58,55,1,11,8,10,9,16,16,16,8,19,17,27,13,16,13,33,5,8,11,16,16,30,0,0,0,0,0,0,0,0,-6,-8,-7]} 1. e4 e5 2. Nf3 Nc6 3. Bc4 Bc5 4. O-O Nf6 5. d3 O-O 6. c3 d6 7. Re1 a6 {C54: Giuoco Piano: 4 c3 Nf6, main lines with 5 d4 and 5 d3} 8. a4 h6 9. Nbd2 Re8 10. h3 Be6 11. Bxe6 Rxe6 12. b4 {LiveBook: 12 Games} Ba7 13. Bb2 $146 ({Find the theoretical novelty and annotate with similar games:} 13. Qc2 Qd7 14. Nf1 d5 15. Be3 Bxe3 16. Nxe3 {1-0 (41) Anand,V (2786)-So,W (2812) Leuven 2017}) 13... Qd7 14. Nf1 Ree8 15. Ng3 b5 16. Qc2 d5 17. Bc1 Rad8 18. Bd2 dxe4 19. dxe4 Qe6 20. Rec1 Qc4 21. Be1 Bb6 22. Nd2 Qd3 {[#] White must now prevent ...Qxg3.} 23. Qxd3 Rxd3 24. Nf3 (24. Kf1 $14) 24... bxa4 $11 25. Rxa4 a5 26. Kf1 axb4 27. cxb4 Nd4 28. Nxd4 Rxd4 29. f3 g6 30. Ke2 Rdd8 31. Bd2 h5 (31... Kg7 {with more complications.} 32. Ra2 Rd7 33. Rc4 Rd6 34. b5 Ree6) 32. Bg5 Rd6 33. Bxf6 Rxf6 34. Nf1 Rd6 35. Nd2 Red8 {The position is equal.} 36. Ra2 Rb8 37. Rcc2 (37. Nc4 $5 {[%cal Rc4d6]} Rc6 38. Rac2 $11) 37... Bd4 38. Ra4 Bb6 39. Rca2 Rc6 40. Ra8 {Precision: White = 49%, Black = 62%.} 1/2-1/2

[Event "FIDE World Cup 2017"]
[Site "Tbilisi"]
[Date "2017.09.09"]
[Round "3.1"]
[White "Ding, Liren"]
[Black "Vidit, Santosh Gujrathi"]
[Result "1/2-1/2"]
[WhiteElo "2771"]
[BlackElo "2702"]
[Annotator "TA"]
[PlyCount "75"]
[EventDate "2017.??.??"]
[EventType "k.o."]
[EventCountry "GEO"]
[SourceTitle "playchess.com"]
[Source "ChessBase"]
[SourceQuality "1"]

{[%evp 14,75,-4,0,10,0,0,0,14,-18,-31,-25,-24,-30,-19,-38,-24,-17,-16,-30,-8,-8,0,-36,-37,-37,-21,-59,-60,-96,0,-89,-72,-194,-174,-248,-238,-271,-292,-381,-381,-451,0,0,0,0,0,0,20,0,0,0,0,0,0,0,0,0,0,0,0,0,0,0]} 1. c4 c5 2. Nf3 Nc6 3. Nc3 Nf6 4. g3 d5 5. cxd5 Nxd5 6. Bg2 Nc7 7. a3 g6 8. h4 {LiveBook: 19 Games. A34: Symmetrical English: 2 Nc3, lines with ...d5} Bg4 $146 ({Predecessor:} 8... h6 9. d3 Bg7 10. Be3 Ne6 11. O-O Qd7 12. Rc1 O-O 13. Na4 b6 14. b4 f5 15. bxc5 f4 16. gxf4 {1-0 (31) Matlakov,M (2694)-Piorun,K (2657) Tallinn 2016}) 9. d3 Bg7 10. Be3 Nd4 11. Bxd4 (11. Nh2 {with more complications.} Bc8 12. Rc1 h5 13. O-O O-O 14. b4) 11... cxd4 12. Ne4 O-O 13. O-O b6 14. Rc1 Qd7 15. Nh2 Bf5 16. Ng5 Nd5 17. Qb3 Rfd8 18. g4 Be6 $1 19. Nxe6 Qxe6 20. Rc2 Be5 21. Nf3 Bg7 (21... Bb8 $17 22. g5 Qg4) 22. g5 (22. Nh2 $1 $11) 22... Qf5 23. Rfc1 (23. Nh2 $17) 23... Nf4 $19 24. Bf1 (24. Kh1 $142) 24... h6 25. Rc7 Nd5 26. Rb7 hxg5 {Hoping for ...Qg4+.} 27. hxg5 Rdb8 $2 {[#]} (27... Qg4+ $19 28. Kh1 {[#]} Be5 $1 {[%mdl 512]}) 28. Rxb8+ $11 {The position is equal.} Rxb8 29. Bh3 $1 {[%cal Rh3f5]} Qxh3 30. Qxd5 Rc8 31. Rxc8+ Qxc8 32. Kg2 Qg4+ 33. Kf1 Qh3+ 34. Kg1 Qg4+ 35. Kf1 Qh3+ 36. Kg1 Qg4+ 37. Kh2 Qf4+ 38. Kg2 {Precision: White = 44%, Black = 71%.} 1/2-1/2

[Event "FIDE World Cup 2017"]
[Site "Tbilisi"]
[Date "2017.09.09"]
[Round "3.1"]
[White "Li, Chao b"]
[Black "Rapport, Richard"]
[Result "1/2-1/2"]
[WhiteElo "2745"]
[BlackElo "2675"]
[Annotator "TA"]
[PlyCount "108"]
[EventDate "2017.??.??"]
[EventType "k.o."]
[EventCountry "GEO"]
[SourceTitle "playchess.com"]
[Source "ChessBase"]
[SourceQuality "1"]

{[%evp 20,108,28,13,36,30,56,57,114,113,104,104,156,125,154,82,114,77,102,97,87,65,65,66,66,66,110,120,108,94,92,72,85,77,80,76,74,52,43,47,64,62,46,47,51,54,72,45,69,54,56,67,69,0,0,18,18,20,37,29,47,0,67,67,67,67,67,67,81,78,67,75,78,74,81,81,81,60,60,60,60,60,67,60,68,0,0,0,0,0,75]} 1. d4 Nf6 2. c4 e6 3. Nc3 Bb4 4. e3 c5 5. Bd3 Nc6 6. Nf3 Bxc3+ 7. bxc3 d6 8. e4 e5 9. d5 Ne7 10. Nd2 Ng6 {E41: Nimzo-Indian: Rubinstein: 4...c5 5 Bd3, including Hübner Variation} (10... O-O 11. Nf1 Ne8 12. Ng3 f5 13. exf5 Bxf5 14. Nxf5 Nxf5 15. O-O Qf6 16. Qb3 Qe7 17. Bd2 g6 18. Rae1 {1-0 (33) Sokolov,I (2667)-Kvon,A (2501) Al Ain 2012}) 11. h4 {LiveBook: 4 Games} Bd7 12. g3 Qa5 $146 {White has an edge.} ({Predecessor:} 12... h5 13. Nf1 Qa5 14. Bd2 Qa4 15. Qe2 Ng4 16. f3 Nh6 17. Ne3 O-O-O 18. Bc2 {0-1 (53) Luft,A (2275)-Seuffert,G (2313) Germany 2005}) 13. Qb3 Ba4 (13... h6 $14) 14. Qxb7 $16 O-O {[#]} 15. Qb2 $1 Rfb8 (15... h6 $142) 16. Qa3 {aiming for Bc2!} Rb6 17. O-O ({White should play} 17. h5) 17... Nf8 18. Nf3 N8d7 19. Bg5 h6 20. Bxf6 Nxf6 21. Rfb1 Ra6 22. Nd2 (22. Qc1 {feels hotter.} Qd8 23. Nh2 Rb8 24. Rxb8 Qxb8 25. Rb1) 22... Bd7 23. Qxa5 Rxa5 24. Rb3 Kf8 25. Kf1 Ke7 26. Ke2 Kd8 27. Rb2 Ra3 28. Rc1 {[%cal Ba1c1,Bc1c2,Bc2b2,Bb2b1][%mdl 32]} Kc7 29. Rcc2 Bg4+ 30. f3 Bd7 31. Rb3 Ra6 32. Rcb2 Rb6 33. Rb1 Ra6 34. Rb7+ Kc8 35. R7b2 $1 Ra3 36. Rc2 (36. g4 $14) 36... Ba4 $11 37. Nb3 {[%cal Bd2b3,Bb3a1,Ba1c2][%mdl 32]} Kc7 38. Rcb2 Bd7 39. g4 $36 {[%mdl 2048] White has the initiative.} Rb8 40. Na1 Rb6 (40... Rxb2+ $11 41. Rxb2 h5) 41. Nc2 $14 Ra4 ({Don't blunder} 41... Rxc3 $2 42. Rxb6 axb6 43. Kd2 $18) 42. Ne3 Ra3 43. Kd2 Ng8 44. Bc2 Rxb2 45. Rxb2 Ne7 46. h5 Ng8 47. Bb3 Nf6 48. Kd3 Nh7 49. Rb1 (49. Nc2 $5 {[%cal Rc2a3]} Ra6 50. Ke2 $16) 49... Ng5 50. Nc2 Ra6 51. Ke3 Nh3 52. Ne1 ({White should try} 52. Rh1 $14 Ng5 53. Rb1) 52... Nf4 $11 {The position is equal.} 53. Nd3 Nxd3 54. Kxd3 f6 {Precision: White = 58%, Black = 54%.} (54... Kd8 $11 {remains equal.}) 1/2-1/2

[Event "FIDE World Cup 2017"]
[Site "Tbilisi"]
[Date "2017.09.09"]
[Round "3.1"]
[White "Nepomniachtchi, Ian"]
[Black "Jobava, Baadur"]
[Result "1/2-1/2"]
[WhiteElo "2741"]
[BlackElo "2702"]
[Annotator "TA"]
[PlyCount "35"]
[EventDate "2017.??.??"]
[EventType "k.o."]
[EventCountry "GEO"]
[SourceTitle "playchess.com"]
[Source "ChessBase"]
[SourceQuality "1"]

{[%evp 12,35,36,33,47,11,36,12,17,24,20,17,15,0,0,-27,-8,-15,-7,-4,0,0,0,0,0,-25]} 1. e4 e5 2. Nf3 Nf6 {[%cal Bg8f6,Bf6e4,Be4c3][%mdl 32]} 3. Nxe5 d6 4. Nf3 Nxe4 5. d4 d5 6. Bd3 Be7 7. O-O Bf5 {C42: Petroff Defence: 3 Nxe5 and unusual White 3rd moves} 8. Nc3 (8. Ne5 Nd7 9. Qf3 Nxe5 10. dxe5 Bg6 11. c4 c6 12. cxd5 Qxd5 13. Nd2 Nc3 14. Bxg6 Qxf3 15. Nxf3 {½-½ (46) Vachier Lagrave,M (2791)-Wang,Y (2699) Dortmund 2017}) 8... O-O 9. Re1 {[%cal Rc3e4]} Nxc3 $1 10. bxc3 Bxd3 11. Qxd3 Nd7 12. Rb1 Nb6 13. Qf5 $146 ({Predecessor:} 13. c4 Nxc4 14. Rxb7 Nd6 15. Rb3 Re8 16. Ne5 Bg5 17. Bxg5 Qxg5 {0-1 (47) Pentzien,V (1904)-Menkhaus,W (1901) Mecklenburg VP 2009}) 13... Re8 14. Bg5 {The position is equal.} f6 15. Bf4 Bd6 16. Rxe8+ Qxe8 17. Bxd6 cxd6 18. Qf4 1/2-1/2

[Event "FIDE World Cup 2017"]
[Site "Tbilisi"]
[Date "2017.09.09"]
[Round "3.1"]
[White "Ivanchuk, Vassily"]
[Black "Kramnik, Vladimir"]
[Result "1/2-1/2"]
[WhiteElo "2727"]
[BlackElo "2803"]
[Annotator "TA"]
[PlyCount "67"]
[EventDate "2017.??.??"]
[EventType "k.o."]
[EventCountry "GEO"]
[SourceTitle "playchess.com"]
[Source "ChessBase"]
[SourceQuality "1"]

{[%evp 14,67,7,6,25,0,0,0,0,-10,0,0,0,0,0,0,0,6,26,16,22,17,25,-26,6,23,14,7,22,12,18,0,0,-20,-12,-17,-17,-14,-11,-18,-14,-30,-30,-32,0,-39,-34,-33,-25,-25,-25,-25,-25,-25,-25,-25]} 1. c4 e6 2. Nc3 d5 3. cxd5 exd5 4. d4 c6 5. Qc2 Bd6 6. Nf3 Ne7 7. Bg5 f6 8. Bd2 {LiveBook: 7 Games. D31: Queen's Gambit Declined: Semi-Slav without ...Nf6 (+ Marshall Gambit and Noteboom) and Exchange Variation lines without ...Nf6} (8. Bh4 Bf5 9. Qd2 Bg6 10. Bg3 Nf5 11. e3 O-O 12. Bd3 Nxg3 13. hxg3 Bxd3 14. Qxd3 g6 15. O-O f5 16. Rab1 a5 17. a3 {0-1 (36) Strebkovs,A (2321)-Drozdowski,K (2461) Pardubice 2017}) 8... Na6 9. e4 Nb4 10. Qb3 {The position is equal.} a5 $146 {[%cal Ba7a5,Ba5a4][%mdl 32]} ({Find the theoretical novelty and annotate with similar games:} 10... dxe4 11. Nxe4 Nbd5 12. Bc4 O-O 13. O-O Kh8 14. Rfe1 a5 15. Nc5 b6 {1-0 (43) Maehrlein,C-Delemarre,I (2254) Germany 2000}) 11. a3 a4 12. Qd1 (12. Nxa4 dxe4 13. Bxb4 Bxb4+ 14. Qxb4 Nd5 $15) 12... dxe4 13. Nxe4 Nbd5 14. Bc4 Be6 15. O-O O-O 16. Re1 Bf7 17. Nh4 Kh8 18. Qg4 (18. g3 $142) 18... Bc7 {With the idea ...g5.} 19. Nc5 g5 20. Nf3 $1 h5 21. Qe4 Bg6 22. Qe2 Re8 23. Qf1 Nf5 {White must now prevent ...g4.} 24. Bd3 ({Of course not} 24. Nxb7 Rxe1 25. Qxe1 (25. Rxe1 Qc8 $17) 25... Qc8 $17) 24... b6 25. Ne6 Qd7 26. Nxc7 Qxc7 27. Rxe8+ Rxe8 28. Re1 {[#] aiming for Rxe8+.} Qf7 29. Rxe8+ (29. Bxg5 {feels hotter.} fxg5 30. Ne5 Rxe5 31. Rxe5 Qf6 32. Bxf5 Bxf5 33. Qd1) 29... Qxe8 30. Qe1 {Hoping for Qxe8+.} Qxe1+ 31. Nxe1 {Black has an edge.} Kg7 32. Bxf5 Bxf5 33. g3 Kg6 34. f3 {Precision: White = 55%, Black = 54%.} 1/2-1/2

[Event "FIDE World Cup 2017"]
[Site "Tbilisi"]
[Date "2017.09.09"]
[Round "3.1"]
[White "Vallejo Pons, Francisco"]
[Black "So, Wesley"]
[Result "0-1"]
[WhiteElo "2717"]
[BlackElo "2792"]
[Annotator "TA"]
[PlyCount "60"]
[EventDate "2017.??.??"]
[EventType "k.o."]
[EventCountry "GEO"]
[SourceTitle "playchess.com"]
[Source "ChessBase"]
[SourceQuality "1"]

{[%evp 15,60,-42,-42,-42,-41,-50,-46,-50,-8,-147,-162,-158,-143,-175,-167,-225,-218,-203,-206,-213,-201,-221,-221,-330,-320,-574,-564,-602,-571,-617,-610,-747,-705,-704,-651,-582,-598,-800,-793,-779,-773,-1063,-1054,-1161,-1136,-1294,-1276]} 1. e4 c6 2. d4 d5 3. e5 Bf5 4. g4 Be4 5. f3 Bg6 6. h4 h5 7. e6 Qd6 8. exf7+ Bxf7 {LiveBook: 3 Games} 9. Be3 {B12: Caro-Kann: Advance Variation} (9. g5 Qg3+ 10. Ke2 e6 11. Nh3 Qc7 12. Qd3 Ne7 13. Kd1 Nd7 14. Nc3 Nf5 15. Ne2 g6 16. Nf2 Bg7 {0-1 (41) Chandler,P (2107)-Donchenko,A (2563) Heusenstamm 2016}) 9... hxg4 10. fxg4 Nf6 {[%cal Bg8f6,Bf6g4,Bg4f2][%mdl 32]} 11. Nc3 $146 {Black is slightly better.} ({Predecessor:} 11. Nd2 Qg3+ 12. Bf2 Qxg4 13. Ngf3 Ne4 14. Rg1 Nxf2 15. Kxf2 Qf4 16. Qe2 Rxh4 {0-1 (55) Cenal Gutierrez,R (2267)-Vigil Alvarez,L Asturias 1999}) 11... Qe6 12. Kd2 (12. Qe2 $1 $11) 12... Nxg4 $17 {[%csl Gg4][%cal Re6e3] [#]} 13. Bg5 Nf2 $36 {[%mdl 2048] Keeping White busy.} 14. Qf3 Nxh1 15. Qxh1 (15. Nge2 {was worth a try.}) 15... Qd6 $19 16. Bh3 e6 17. Rf1 Be7 18. Bf4 Qb4 {Strongly threatening ...c5.} 19. Nge2 (19. Nf3 $142) 19... Nd7 20. a3 $2 (20. Kc1 {is a better defense.}) 20... Qxb2 {Black is clearly winning.} 21. Rb1 Qxa3 22. Rxb7 Qa6 23. Qb1 Rxh4 24. Bf1 Rxf4 25. Nxf4 Qa5 {[#] aiming for ...Bg5.} 26. Qe1 Bg5 27. Qg3 Bh6 28. Bd3 O-O-O 29. Rb3 e5 30. dxe5 d4 {Precision: White = 37%, Black = 98%.} 0-1